Giải đáp pháp luật: Luật hiến pháp Việt Nam
Đã lưu trong:
| 格式: | 圖書 |
|---|---|
| 語言: | Undetermined |
| 出版: |
Thành phố Hồ Chí Minh
Nxb. Thành phố Hồ Chí Minh
1995
|
| 主題: | |
| 標簽: |
添加標簽
沒有標簽, 成為第一個標記此記錄!
|
| Thư viện lưu trữ: | Trung tâm Học liệu Trường Đại học Cần Thơ |
|---|
| LEADER | 00635nam a2200193Ia 4500 | ||
|---|---|---|---|
| 001 | CTU_36654 | ||
| 008 | 210402s9999 xx 000 0 und d | ||
| 020 | |c 30000 | ||
| 082 | |a 342.597 | ||
| 082 | |b Gi103 | ||
| 245 | 0 | |a Giải đáp pháp luật: | |
| 245 | 0 | |b Luật hiến pháp Việt Nam | |
| 245 | 0 | |c Nguyễn Đăng Dung...[et al.] | |
| 260 | |a Thành phố Hồ Chí Minh | ||
| 260 | |b Nxb. Thành phố Hồ Chí Minh | ||
| 260 | |c 1995 | ||
| 650 | |a Constitutional law,Constitutions, state - vietnam | ||
| 904 | |i Minh, Nguyên sửa | ||
| 980 | |a Trung tâm Học liệu Trường Đại học Cần Thơ | ||